| 000 | 00525cam a22002051 4500 | ||
|---|---|---|---|
| 001 | sa 68011214 | ||
| 003 | DLC | ||
| 005 | 20260227112558.0 | ||
| 008 | 940331s1968 io a 000 0 ind | ||
| 010 | _asa 68011214 | ||
| 025 | _aPL480:Indo-8650 | ||
| 035 | _a(OCoLC)30063622 | ||
| 040 |
_aDLC _cCU _dDLC |
||
| 042 | _apremarc | ||
| 050 | 0 | 0 |
_aPL5089.S314 _bM3 |
| 100 | 1 | _aSalmun, M. A. | |
| 245 | 1 | 0 |
_aMasa bergolak _c[oleh] M.A. Salmun. |
| 260 |
_aDjakarta, _bBalai Pustaka, _c1968. |
||
| 300 |
_a135 p. _billus. _c21 cm. |
||
| 999 |
_c83794 _d83794 |
||